Vybrané kapitoly z náuky o lesnom prostredí a lesníctva

Bibliographic Details
Main Author: Vološčuk, Ivan, 1935-2024 (Author)
Format: Book
Language:Slovak
PhysicalDescription:124 s. tab. 30 cm
Published: Bratislava AP 1998
ISBN:8096772058
Subjects:

MARC

LEADER 00000nam a2200000 a 4500
001 vtls001398262
003 SK-MaSNL
005 20260407043929.0
008 240509s1998 xo ap r yy slo
015 |a SNBA2000/12-04475 
020 |a 8096772058 
035 |a SNK000352689 
035 |a urn:nbn:sk:snk-amltts 
035 |a urn:nbn:sk:snk-am00cd1v 
035 |a B6B153EC-4C7C-476D-86D5-ADFEBD936280 
040 |a SNK  |b slo  |c SNK  |e AACR2 
041 0 |a slo 
044 |a xo  |c SK 
080 |a 630*1:574:504.3(075.8)  |2 1981 
100 1 |a Vološčuk, Ivan,  |d 1935-2024  |4 aut  |9 98514 
245 1 0 |a Vybrané kapitoly z náuky o lesnom prostredí a lesníctva  |c Ivan Vološčuk 
260 |a Bratislava  |b AP  |c 1998 
300 |a 124 s.  |b tab.  |c 30 cm 
504 |a Bibliogr. s. 120 
650 0 7 |a prostredie lesné  |x lesníctvo  |2 SNK  |9 369442 
650 0 7 |a les  |x ekológia  |2 SNK  |9 369443 
655 7 |a Textbooks (higher)  |2 SNKPHeng  |9 276436 
655 7 |a učebnice vysokých škôl  |2 SNKPH  |9 70191 
919 |a 80-967720-5-8 
958 |a TL 
958 |a NB 
958 |a UV 
999 |c 613706  |d 615636 
952 |t P60, <03>, [BOOK], {603}  |a SNK  |b SNK  |y PREZ  |7 0  |p 17A0256327  |o snkSB 62447  |i snkKSP 11090/2000  |0 0  |1 0  |4 0  |d 2000-10-25  |f 1  |l 0  |r 2025-04-11 00:00:00  |w 2026-02-23 
952 |t P60, <04>, [BOOK], {604}  |a SNK  |b SNK  |y VYP  |7 0  |p 17A0256328  |o snkSB 62447 D1  |i snkKSP 11091/2000  |0 0  |1 0  |4 0  |d 2000-10-25  |l 0  |r 2005-01-02 00:00:00  |w 2026-02-23